[Event "AUT-ch Open 2020"]
[Site "Graz"]
[Date "2020.02.19"]
[Round "7.28"]
[White "Danner, Georg"]
[Black "Secheres, Adrian-Simion"]
[Result "1/2-1/2"]
[WhiteElo "2295"]
[BlackElo "2295"]
[Annotator "ChessBase"]
[PlyCount "106"]
[EventDate "2020.02.14"]
[EventType "swiss"]
[EventCountry "AUT"]
[SourceTitle "playchess.com"]
[Source "ChessBase"]
[SourceQuality "1"]
[TimeControl "40/5400+30:1800+30"]

1. d4 {[%emt 0:00:08]} Nf6 {[%emt 0:00:00]} 2. c4 {[%emt 0:00:06]} g6 {[%emt 0:00:00]} 3. Nc3 {[%emt 0:00:05]} Bg7 {[%emt 0:00:10]} 4. e4 {[%emt 0:00:05]} d6 {[%emt 0:00:09]} 5. Be2 {[%emt 0:00:07]} O-O {[%emt 0:00:12]} 6. Be3 {[%emt 0:00:12]} Na6 {[%emt 0:00:17]} 7. Nf3 {[%emt 0:00:14]} e5 {[%emt 0:00:25]} 8. d5 {[%emt 0:00:32]} c6 {[%emt 0:00:18]} 9. Nd2 {[%emt 0:01:15]} Bd7 {[%emt 0:05:07]} 10. O-O {[%emt 0:00:59]} c5 {[%emt 0:03:49]} 11. Bg5 {[%emt 0:20:32]} h6 {[%emt 0:11:25]} 12. Bh4 {[%emt 0:00:11]} Qe8 {[%emt 0:00:34]} 13. Nb5 {[%emt 0:04:52]} Qe7 {[%emt 0:15:06]} 14. a3 {[%emt 0:00:53]} Rfc8 {[%emt 0:01:49]} 15. Rb1 {[%emt 0:13:03]} Qf8 {[%emt 0:04:36]} 16. Bxf6 {[%emt 0:06:06]} Bxf6 {[%emt 0:01:33]} 17. Bg4 {[%emt 0:00:06]} Qe7 {[%emt 0:05:39]} 18. Bxd7 {[%emt 0:00:26]} Qxd7 {[%emt 0:00:02]} 19. h3 {[%emt 0:08:18]} Nb8 {[%emt 0:05:31]} 20. Qg4 {[%emt 0:04:24]} Be7 {[%emt 0:04:44]} 21. Qxd7 {[%emt 0:10:05]} Nxd7 {[%emt 0:00:07]} 22. g3 {[%emt 0:05:38]} a6 {[%emt 0:03:00]} 23. Nc3 {[%emt 0:00:06]} Rab8 {[%emt 0:02:55]} 24. a4 {[%emt 0:04:38]} h5 {[%emt 0:07:10]} 25. Ra1 {[%emt 0:02:34]} f5 {[%emt 0:09:10]} 26. Kg2 {[%emt 0:04:37]} Rf8 {[%emt 0:03:07]} 27. Rae1 {[%emt 0:02:17]} Rf7 {[%emt 0:04:11]} 28. f4 {[%emt 0:01:56]} Rbf8 {[%emt 0:02:06]} 29. exf5 {[%emt 0:01:16]} Rxf5 {[%emt 0:02:09]} 30. Nf3 {[%emt 0:01:40]} Bf6 {[%emt 0:03:44]} 31. Ne4 {[%emt 0:02:54]} Be7 {[%emt 0:00:06]} 32. fxe5 {[%emt 0:01:01]} Nxe5 {[%emt 0:00:19]} 33. Nxe5 {[%emt 0:00:11]} Rxe5 {[%emt 0:00:06]} 34. Rxf8+ {[%emt 0:00:53]} Kxf8 {[%emt 0:00:14]} 35. Rf1+ {[%emt 0:01:27]} Ke8 {[%emt 0:01:42]} 36. Kf3 {[%emt 0:00:09]} Rf5+ {[%emt 0:01:50]} 37. Ke2 {[%emt 0:00:02]} Rxf1 {[%emt 0:01:44]} 38. Kxf1 {[%emt 0:00:02]} Bf8 {[%emt 0:00:22]} 39. Ke2 {[%emt 0:01:09]} Ke7 {[%emt 0:00:22]} 40. Kf3 {[%emt 0:01:00]} Bg7 {[%emt 0:02:42]} 41. b3 {[%emt 0:30:02]} Be5 {[%emt 0:03:55]} 42. Ng5 {[%emt 0:00:00]} Kf6 {[%emt 0:04:02]} 43. Ne6 {[%emt 0:00:00]} Kf5 {[%emt 0:02:49]} 44. Nd8 {[%emt 0:00:00]} b6 {[%emt 0:00:27]} 45. Nc6 {[%emt 0:00:00]} Bf6 {[%emt 0:08:29]} 46. Nb8 {[%emt 0:00:47]} a5 {[%emt 0:00:34]} 47. Nc6 {[%emt 0:00:06]} Bg5 {[%emt 0:02:14]} 48. Na7 {[%emt 0:04:04]} Bd8 {[%emt 0:03:39]} 49. Nc8 {[%emt 0:00:19]} Ke5 {[%emt 0:01:43]} 50. Ke3 {[%emt 0:00:36]} Bg5+ {[%emt 0:01:01]} 51. Kd3 {[%emt 0:00:59]} Bd8 {[%emt 0:00:15]} 52. Ke2 {[%emt 0:00:09]} h4 {[%emt 0:03:17]} 53. g4 {[%emt 0:01:09]} g5 {[%emt 0:02:22]} 1/2-1/2

[Event "AUT-ch Open 2020"]
[Site "Graz"]
[Date "2020.02.19"]
[Round "7.29"]
[White "Freitag, Manfred"]
[Black "Peycheva, Gergana"]
[Result "0-1"]
[WhiteElo "2378"]
[BlackElo "2378"]
[Annotator "ChessBase"]
[PlyCount "134"]
[EventDate "2020.02.14"]
[EventType "swiss"]
[EventCountry "AUT"]
[SourceTitle "playchess.com"]
[Source "ChessBase"]
[SourceQuality "1"]
[TimeControl "40/5400+30:1800+30"]

1. e4 {[%emt 0:00:00]} c5 {[%emt 0:00:00]} 2. Nf3 {[%emt 0:00:00]} Nc6 {[%emt 0:00:39]} 3. Bb5 {[%emt 0:00:14]} g6 {[%emt 0:00:54]} 4. O-O {[%emt 0:00:14]} Bg7 {[%emt 0:00:37]} 5. Re1 {[%emt 0:00:22]} Nf6 {[%emt 0:01:24]} 6. e5 {[%emt 0:00:18]} Nd5 {[%emt 0:01:21]} 7. Nc3 {[%emt 0:00:05]} Nc7 {[%emt 0:03:03]} 8. Bxc6 {[%emt 0:00:10]} dxc6 {[%emt 0:01:55]} 9. Ne4 {[%emt 0:00:06]} Ne6 {[%emt 0:05:45]} 10. d3 {[%emt 0:00:16]} O-O {[%emt 0:00:27]} 11. Be3 {[%emt 0:00:53]} b6 {[%emt 0:00:24]} 12. Qd2 {[%emt 0:00:17]} Nd4 {[%emt 0:05:51]} 13. Nxd4 {[%emt 0:00:58]} cxd4 {[%emt 0:00:55]} 14. Bh6 {[%emt 0:00:03]} Bf5 {[%emt 0:10:04]} 15. Qf4 {[%emt 0:00:45]} c5 {[%emt 0:09:51]} 16. Ng3 {[%emt 0:03:06]} Qd7 {[%emt 0:07:44]} 17. h4 {[%emt 0:03:07]} Qe6 {[%emt 0:06:32]} 18. a4 {[%emt 0:01:29]} a6 {[%emt 0:01:44]} 19. b3 {[%emt 0:01:53]} Rfd8 {[%emt 0:02:20]} 20. Bxg7 {[%emt 0:01:43]} Kxg7 {[%emt 0:00:08]} 21. Re2 {[%emt 0:03:27]} Ra7 {[%emt 0:01:20]} 22. f3 {[%emt 0:00:27]} Rc7 {[%emt 0:02:18]} 23. Nf1 {[%emt 0:02:29]} Qc8 {[%emt 0:03:03]} 24. Nd2 {[%emt 0:00:59]} h6 {[%emt 0:01:19]} 25. g4 {[%emt 0:02:30]} Be6 {[%emt 0:00:44]} 26. Ne4 {[%emt 0:01:21]} b5 {[%emt 0:05:05]} 27. axb5 {[%emt 0:01:01]} axb5 {[%emt 0:00:02]} 28. Rae1 {[%emt 0:17:41]} Ra7 {[%emt 0:04:21]} 29. h5 {[%emt 0:01:55]} g5 {[%emt 0:02:38]} 30. Qg3 {[%emt 0:00:05]} Rg8 {[%emt 0:03:54]} 31. f4 {[%emt 0:03:07]} Kh7 {[%emt 0:05:25]} 32. fxg5 {[%emt 0:09:31]} hxg5 {[%emt 0:00:01]} 33. Rf2 {[%emt 0:00:35]} Kh6 {[%emt 0:03:26]} 34. Ref1 {[%emt 0:00:25]} Rg7 {[%emt 0:00:52]} 35. Rf5 {[%emt 0:05:35]} Bxf5 {[%emt 0:01:15]} 36. gxf5 {[%emt 0:00:01]} Rg8 {[%emt 0:03:13]} 37. e6 {[%emt 0:09:02]} f6 {[%emt 0:01:18]} 38. Nf2 {[%emt 0:00:21]} Ra2 {[%emt 0:02:19]} 39. Ng4+ {[%emt 0:01:15]} Kh7 {[%emt 0:00:08]} 40. Rf2 {[%emt 0:02:44]} Qb8 {[%emt 0:02:15]} 41. Qh3 {[%emt 0:31:34]} Ra1+ {[%emt 0:30:38]} 42. Kg2 {[%emt 0:00:47]} Qa8+ {[%emt 0:00:54]} 43. Qf3 {[%emt 0:00:05]} Rc1 {[%emt 0:00:00]} 44. Qxa8 {[%emt 0:00:00]} Rxa8 {[%emt 0:00:00]} 45. Kf3 {[%emt 0:00:00]} Ra2 {[%emt 0:00:00]} 46. Re2 {[%emt 0:00:00]} Rf1+ {[%emt 0:00:00]} 47. Nf2 {[%emt 0:00:00]} Kh6 {[%emt 0:00:00]} 48. Kg2 {[%emt 0:00:00]} Raa1 {[%emt 0:00:00]} 49. Ng4+ {[%emt 0:00:00]} Kg7 {[%emt 0:00:00]} 50. h6+ {[%emt 0:00:00]} Kf8 {[%emt 0:00:00]} 51. Nf2 {[%emt 0:00:00]} Kg8 {[%emt 0:00:00]} 52. b4 {[%emt 0:00:00]} cxb4 {[%emt 0:00:00]} 53. Re4 {[%emt 0:00:00]} Rfc1 {[%emt 0:00:00]} 54. Ng4 {[%emt 0:00:00]} Rxc2+ {[%emt 0:00:00]} 55. Kh3 {[%emt 0:00:00]} Rh1+ {[%emt 0:00:00]} 56. Kg3 {[%emt 0:00:00]} b3 {[%emt 0:01:51]} 57. Nxf6+ {[%emt 0:00:00]} exf6 {[%emt 0:01:23]} 58. e7 {[%emt 0:00:00]} Rc8 {[%emt 0:00:01]} 59. e8=Q+ {[%emt 0:00:00]} Rxe8 {[%emt 0:00:03]} 60. Rxe8+ {[%emt 0:00:00]} Kh7 {[%emt 0:00:10]} 61. Re2 {[%emt 0:00:00]} Rd1 {[%emt 0:00:10]} 62. Kg4 {[%emt 0:00:00]} Kxh6 {[%emt 0:00:15]} 63. Rb2 {[%emt 0:00:00]} Rxd3 {[%emt 0:00:07]} 64. Rxb3 {[%emt 0:00:00]} Re3 {[%emt 0:01:25]} 65. Rb4 {[%emt 0:00:00]} Re4+ {[%emt 0:01:26]} 66. Kg3 {[%emt 0:00:00]} Re5 {[%emt 0:00:12]} 67. Kg4 {[%emt 0:00:00]} Rd5 {[%emt 0:00:28]} 0-1

[Event "AUT-ch Open 2020"]
[Site "Graz"]
[Date "2020.02.19"]
[Round "7.30"]
[White "Neuschmied, Siegfried"]
[Black "Kozak, Antoni"]
[Result "1/2-1/2"]
[WhiteElo "2372"]
[BlackElo "2268"]
[Annotator "NA"]
[PlyCount "72"]
[EventDate "2020.02.14"]
[EventType "swiss"]
[EventCountry "AUT"]
[SourceTitle "playchess.com"]
[Source "ChessBase"]
[SourceQuality "1"]
[TimeControl "40/5400+30:1800+30"]

1. e4 {[%emt 0:00:00]} g6 {[%emt 0:00:00]} 2. d4 {[%emt 0:00:00]} Bg7 {[%emt 0:00:00]} 3. Nc3 {[%emt 0:00:01]} a6 {[%emt 0:00:00]} 4. h4 {[%emt 0:00:15]} h5 {[%emt 0:00:00]} 5. Nf3 {[%emt 0:00:06]} d6 {[%emt 0:05:04]} 6. Ng5 {[%emt 0:00:15]} b5 {[%emt 0:02:14]} 7. Be3 {[%emt 0:00:26]} Nd7 {[%emt 0:00:46]} 8. a4 {[%emt 0:08:34]} Rb8 {[%emt 0:10:56]} 9. axb5 {[%emt 0:02:24]} axb5 {[%emt 0:00:04]} 10. Bxb5 {[%emt 0:00:11]} Nh6 {[%emt 0:00:10]} 11. f3 {[%emt 0:04:51]} O-O {[%emt 0:00:14]} 12. Qd2 {[%emt 0:00:18]} c5 {[%emt 0:01:20]} 13. Bxd7 Bxd7 {[%emt 0:02:15]} 14. dxc5 {[%emt 0:13:33]} Rxb2 {[%emt 0:05:28]} 15. O-O {[%emt 0:02:33]} dxc5 {[%emt 0:11:56]} 16. Rad1 {[%emt 0:08:49]} Qc8 {[%emt 0:05:36]} 17. Nd5 {[%emt 0:13:50]} Re8 {[%emt 0:03:55]} 18. Rb1 {[%emt 0:00:07]} Rxb1 {[%emt 0:11:05]} 19. Rxb1 {[%emt 0:00:02]} Bc6 {[%emt 0:00:04]} 20. c4 {[%emt 0:09:17]} f6 {[%emt 0:03:11]} 21. Nb6 {[%emt 0:02:14]} Qb8 {[%emt 0:03:23]} 22. Ne6 {[%emt 0:01:12]} Nf7 {[%emt 0:00:10]} 23. Nxc5 {[%emt 0:02:00]} Ne5 {[%emt 0:00:15]} 24. Qc2 {[%emt 0:01:00]} f5 {[%emt 0:01:54]} 25. Nd5 {[%emt 0:03:05]} Qd6 {[%emt 0:00:05]} 26. exf5 {[%emt 0:01:35]} Nxc4 {[%emt 0:02:25]} 27. Qxc4 {[%emt 0:01:10]} Bxd5 {[%emt 0:00:16]} 28. Qd3 {[%emt 0:06:22]} Ba2 {[%emt 0:03:55]} 29. Qb5 {[%emt 0:04:52]} Rf8 {[%emt 0:06:40]} 30. Ne4 {[%emt 0:02:03]} Qa3 {[%emt 0:01:07]} 31. Re1 {[%emt 0:01:16]} gxf5 {[%emt 0:02:38]} 32. Ng5 {[%emt 0:00:58]} Qc3 {[%emt 0:01:02]} 33. Qe2 {[%emt 0:02:32]} Bc4 {[%emt 0:01:19]} 34. Qd1 {[%emt 0:04:18]} Bb3 {[%emt 0:01:39]} 35. Qe2 {[%emt 0:00:10]} Bc4 {[%emt 0:00:04]} 36. Qd1 {[%emt 0:01:09]} Bb3 {[%emt 0:00:05]} 1/2-1/2

[Event "AUT-ch Open 2020"]
[Site "Graz"]
[Date "2020.02.19"]
[Round "7.31"]
[White "Frank, Emanuel"]
[Black "Barp, Alberto"]
[Result "0-1"]
[WhiteElo "2368"]
[BlackElo "2286"]
[Annotator "ChessBase"]
[PlyCount "118"]
[EventDate "2020.02.14"]
[EventType "swiss"]
[EventCountry "AUT"]
[SourceTitle "playchess.com"]
[Source "ChessBase"]
[SourceQuality "1"]
[TimeControl "40/5400+30:1800+30"]

1. d4 {[%emt 0:00:00]} d5 {[%emt 0:00:00]} 2. c4 {[%emt 0:00:00]} e6 {[%emt 0:00:00]} 3. Nf3 {[%emt 0:00:00]} Nf6 {[%emt 0:00:05]} 4. g3 {[%emt 0:00:00]} Bb4+ {[%emt 0:00:14]} 5. Bd2 {[%emt 0:00:04]} Bd6 {[%emt 0:00:35]} 6. Nc3 {[%emt 0:00:41]} O-O {[%emt 0:00:07]} 7. Bg5 {[%emt 0:00:04]} c6 {[%emt 0:01:07]} 8. Bg2 {[%emt 0:00:18]} h6 {[%emt 0:02:25]} 9. Bxf6 {[%emt 0:00:20]} Qxf6 {[%emt 0:00:04]} 10. O-O {[%emt 0:00:08]} Qd8 {[%emt 0:03:05]} 11. c5 {[%emt 0:01:34]} Bc7 {[%emt 0:04:19]} 12. e4 {[%emt 0:00:08]} Nd7 {[%emt 0:04:45]} 13. Re1 {[%emt 0:08:57]} Ba5 {[%emt 0:19:27]} 14. Qa4 {[%emt 0:10:32]} Nf6 {[%emt 0:06:48]} 15. b4 {[%emt 0:05:05]} Bc7 {[%emt 0:04:46]} 16. e5 {[%emt 0:14:40]} Ne8 {[%emt 0:04:26]} 17. Re3 {[%emt 0:08:37]} f6 {[%emt 0:07:37]} 18. Qc2 {[%emt 0:08:20]} f5 {[%emt 0:03:53]} 19. Ree1 {[%emt 0:04:20]} Qe7 {[%emt 0:00:53]} 20. h4 {[%emt 0:02:06]} g5 {[%emt 0:02:32]} 21. Ne2 {[%emt 0:03:24]} Ng7 {[%emt 0:02:28]} 22. hxg5 {[%emt 0:04:36]} hxg5 {[%emt 0:00:07]} 23. Qd2 {[%emt 0:00:11]} Bd8 {[%emt 0:00:16]} 24. a4 {[%emt 0:05:25]} Bd7 {[%emt 0:00:23]} 25. Reb1 {[%emt 0:01:10]} a6 {[%emt 0:00:19]} 26. Ne1 {[%emt 0:01:20]} Nh5 {[%emt 0:06:41]} 27. Nd3 {[%emt 0:06:23]} Qg7 {[%emt 0:01:20]} 28. Rb2 {[%emt 0:00:57]} Be8 {[%emt 0:01:23]} 29. f3 {[%emt 0:02:37]} Qh7 {[%emt 0:13:45]} 30. Kf2 {[%emt 0:01:01]} f4 {[%emt 0:00:14]} 31. Rh1 {[%emt 0:05:41]} fxg3+ {[%emt 0:01:06]} 32. Nxg3 {[%emt 0:00:12]} Nxg3 {[%emt 0:01:04]} 33. Kxg3 {[%emt 0:00:01]} Qf5 {[%emt 0:01:13]} 34. Nf2 {[%emt 0:02:43]} Bg6 {[%emt 0:00:38]} 35. Ng4 {[%emt 0:00:27]} Kg7 {[%emt 0:00:01]} 36. Nh6 {[%emt 0:03:28]} Qf4+ {[%emt 0:02:07]} 37. Kf2 {[%emt 0:00:46]} b6 {[%emt 0:02:01]} 38. Qxf4 {[%emt 0:00:57]} Rxf4 {[%emt 0:00:03]} 39. Ke3 {[%emt 0:00:27]} Rb8 {[%emt 0:00:04]} 40. Ng4 {[%emt 0:01:46]} bxc5 {[%emt 0:00:45]} 41. Rc1 {[%emt 0:06:47]} c4 {[%emt 0:02:08]} 42. Nf2 {[%emt 0:06:29]} Bb6 {[%emt 0:03:25]} 43. Rd2 {[%emt 0:00:15]} Ba7 {[%emt 0:01:05]} 44. Nh3 {[%emt 0:01:21]} Rf5 {[%emt 0:00:12]} 45. f4 {[%emt 0:03:57]} gxf4+ {[%emt 0:05:14]} 46. Nxf4 {[%emt 0:00:07]} Rxe5+ {[%emt 0:01:17]} 47. Kf3 {[%emt 0:00:07]} Rf5 {[%emt 0:02:06]} 48. Bh3 {[%emt 0:01:03]} Rf6 {[%emt 0:00:38]} 49. Kg3 {[%emt 0:06:14]} Rxb4 {[%emt 0:01:29]} 50. Nxe6+ {[%emt 0:00:05]} Kg8 {[%emt 0:00:16]} 51. Kh4 {[%emt 0:01:49]} Bb6 {[%emt 0:02:24]} 52. a5 {[%emt 0:04:09]} Bxa5 {[%emt 0:01:35]} 53. Ra2 {[%emt 0:00:03]} Rb5 {[%emt 0:00:20]} 54. Kg5 {[%emt 0:03:06]} Kf7 {[%emt 0:00:16]} 55. Rca1 {[%emt 0:00:22]} Bb4 {[%emt 0:07:34]} 56. Rxa6 {[%emt 0:00:35]} Be7 {[%emt 0:00:36]} 57. Nf4 {[%emt 0:01:49]} Rb3 {[%emt 0:00:07]} 58. Rf1 Rf5+ {[%emt 0:01:26]} 59. Kg4 {[%emt 0:00:55]} Rg5+ {[%emt 0:00:06]} 0-1

[Event "AUT-ch Open 2020"]
[Site "Graz"]
[Date "2020.02.19"]
[Round "7.32"]
[White "Szotkowski, Jakub"]
[Black "Yeritsyan, Aram"]
[Result "0-1"]
[WhiteElo "2283"]
[BlackElo "2283"]
[Annotator "NA"]
[PlyCount "108"]
[EventDate "2020.02.14"]
[EventType "swiss"]
[EventCountry "AUT"]
[SourceTitle "playchess.com"]
[Source "ChessBase"]
[SourceQuality "1"]
[TimeControl "40/5400+30:1800+30"]

1. d4 {[%emt 0:00:00]} Nf6 {[%emt 0:00:00]} 2. c4 {[%emt 0:00:00]} e6 {[%emt 0:00:00]} 3. g3 {[%emt 0:00:00]} Bb4+ {[%emt 0:00:00]} 4. Bd2 {[%emt 0:00:05]} c5 {[%emt 0:00:00]} 5. Bxb4 {[%emt 0:00:13]} cxb4 {[%emt 0:00:00]} 6. Bg2 {[%emt 0:00:11]} O-O {[%emt 0:00:34]} 7. e3 {[%emt 0:03:06]} a5 {[%emt 0:00:44]} 8. Ne2 {[%emt 0:02:05]} d6 {[%emt 0:00:17]} 9. Nf4 {[%emt 0:04:21]} Na6 {[%emt 0:01:24]} 10. O-O {[%emt 0:02:48]} Rb8 {[%emt 0:00:25]} 11. Nd2 {[%emt 0:04:07]} Bd7 {[%emt 0:01:09]} 12. b3 {[%emt 0:02:05]} b5 {[%emt 0:01:05]} 13. Qc2 {[%emt 0:14:42]} Qe7 {[%emt 0:03:31]} 14. Qb2 {[%emt 0:02:13]} a4 {[%emt 0:03:16]} 15. Rac1 {[%emt 0:02:19]} Rfc8 {[%emt 0:07:47]} 16. Rfd1 {[%emt 0:03:06]} bxc4 {[%emt 0:05:32]} 17. Nxc4 {[%emt 0:00:41]} Bb5 {[%emt 0:02:51]} 18. Rd2 {[%emt 0:16:16]} g5 {[%emt 0:07:01]} 19. Ne2 {[%emt 0:04:56]} a3 {[%emt 0:00:40]} 20. Qb1 {[%emt 0:06:01]} d5 {[%emt 0:04:36]} 21. Ne5 {[%emt 0:00:08]} Nd7 {[%emt 0:03:48]} 22. Nd3 {[%emt 0:05:20]} Nc7 {[%emt 0:03:37]} 23. Qc2 {[%emt 0:05:09]} Nb6 {[%emt 0:04:39]} 24. Bf1 {[%emt 0:03:48]} Ne8 {[%emt 0:01:26]} 25. Qd1 {[%emt 0:04:05]} Bxd3 {[%emt 0:04:07]} 26. Rxd3 {[%emt 0:00:05]} Rxc1 {[%emt 0:00:20]} 27. Nxc1 {[%emt 0:00:05]} Rc8 {[%emt 0:01:03]} 28. Rd2 {[%emt 0:00:20]} Nf6 {[%emt 0:03:11]} 29. Rc2 {[%emt 0:00:58]} Rxc2 {[%emt 0:00:07]} 30. Qxc2 {[%emt 0:00:05]} Ne4 {[%emt 0:00:20]} 31. Bd3 {[%emt 0:03:14]} f5 {[%emt 0:00:13]} 32. Ne2 {[%emt 0:01:01]} Kf7 {[%emt 0:02:27]} 33. g4 {[%emt 0:01:16]} h5 {[%emt 0:04:06]} 34. gxf5 {[%emt 0:02:01]} exf5 {[%emt 0:00:08]} 35. Ng3 {[%emt 0:01:14]} Qd7 {[%emt 0:02:07]} 36. Bxe4 {[%emt 0:03:51]} dxe4 {[%emt 0:00:47]} 37. Qc5 {[%emt 0:01:21]} Nd5 {[%emt 0:00:11]} 38. h3 {[%emt 0:03:31]} h4 {[%emt 0:01:23]} 39. Nf1 {[%emt 0:00:03]} f4 {[%emt 0:02:03]} 40. Nh2 {[%emt 0:01:49]} fxe3 {[%emt 0:00:44]} 41. fxe3 {[%emt 0:02:32]} Nxe3 {[%emt 0:02:03]} 42. Qxb4 {[%emt 0:05:41]} Qxh3 {[%emt 0:21:22]} 43. Qb7+ {[%emt 0:00:08]} Kf6 {[%emt 0:00:14]} 44. Qb6+ {[%emt 0:01:29]} Qe6 {[%emt 0:00:15]} 45. Qd8+ {[%emt 0:00:16]} Kg6 {[%emt 0:00:07]} 46. Kf2 {[%emt 0:01:17]} Nd5 {[%emt 0:02:25]} 47. Ke1 {[%emt 0:00:39]} Nf6 {[%emt 0:01:07]} 48. Nf1 {[%emt 0:01:18]} Qc6 {[%emt 0:01:37]} 49. Qa5 {[%emt 0:03:46]} Qc1+ {[%emt 0:00:26]} 50. Kf2 {[%emt 0:00:54]} Qf4+ {[%emt 0:00:26]} 51. Ke1 {[%emt 0:00:10]} Qc1+ {[%emt 0:03:00]} 52. Kf2 {[%emt 0:00:06]} Ng4+ {[%emt 0:00:44]} 53. Ke2 {[%emt 0:00:09]} Qb2+ {[%emt 0:00:44]} 54. Qd2 {[%emt 0:00:36]} e3 {[%emt 0:00:12]} 0-1

[Event "AUT-ch Open 2020"]
[Site "Graz"]
[Date "2020.02.19"]
[Round "7.33"]
[White "Papakonstantinou, Dimitrios"]
[Black "Tuncer, Tuna"]
[Result "0-1"]
[WhiteElo "2275"]
[BlackElo "2275"]
[Annotator "NA"]
[PlyCount "74"]
[EventDate "2020.02.14"]
[EventType "swiss"]
[EventCountry "AUT"]
[SourceTitle "playchess.com"]
[Source "ChessBase"]
[SourceQuality "1"]
[TimeControl "40/5400+30:1800+30"]

1. e4 {[%emt 0:00:00]} c5 {[%emt 0:00:00]} 2. Nf3 {[%emt 0:00:00]} d6 {[%emt 0:00:00]} 3. d4 {[%emt 0:00:01]} cxd4 {[%emt 0:00:06]} 4. Nxd4 {[%emt 0:00:05]} Nf6 {[%emt 0:00:11]} 5. Nc3 {[%emt 0:00:04]} a6 {[%emt 0:00:13]} 6. Be3 {[%emt 0:03:22]} e5 {[%emt 0:02:37]} 7. Nb3 {[%emt 0:00:06]} Be6 {[%emt 0:00:21]} 8. f3 {[%emt 0:00:17]} Be7 {[%emt 0:00:19]} 9. Qd2 {[%emt 0:00:10]} O-O {[%emt 0:00:16]} 10. O-O-O {[%emt 0:00:08]} Nbd7 {[%emt 0:00:31]} 11. g4 {[%emt 0:01:15]} b5 {[%emt 0:00:27]} 12. Rg1 {[%emt 0:07:29]} Nb6 {[%emt 0:00:35]} 13. g5 {[%emt 0:03:30]} Nh5 {[%emt 0:00:24]} 14. Na5 {[%emt 0:00:36]} Qc7 {[%emt 0:00:56]} 15. Nd5 {[%emt 0:04:47]} Nxd5 {[%emt 0:00:25]} 16. exd5 {[%emt 0:00:03]} Bd7 {[%emt 0:00:08]} 17. Bd3 {[%emt 0:16:34]} g6 {[%emt 0:18:35]} 18. Nc6 {[%emt 0:04:38]} Bxc6 {[%emt 0:02:37]} 19. dxc6 {[%emt 0:00:05]} d5 {[%emt 0:00:11]} 20. c3 {[%emt 0:03:39]} Qxc6 {[%emt 0:04:09]} 21. Bc2 {[%emt 0:01:01]} Rad8 {[%emt 0:16:24]} 22. Kb1 {[%emt 0:02:10]} Rd7 {[%emt 0:04:16]} 23. Bb3 {[%emt 0:03:14]} Rfd8 {[%emt 0:00:12]} 24. Qf2 {[%emt 0:00:37]} Ng7 {[%emt 0:09:35]} 25. h4 {[%emt 0:09:45]} Nf5 {[%emt 0:03:00]} 26. Rge1 {[%emt 0:00:04]} b4 {[%emt 0:09:19]} 27. Bc1 {[%emt 0:07:40]} bxc3 {[%emt 0:02:16]} 28. Rxe5 {[%emt 0:02:20]} d4 {[%emt 0:01:45]} 29. bxc3 {[%emt 0:01:07]} dxc3 {[%emt 0:00:19]} 30. Rde1 {[%emt 0:00:50]} Rd2 {[%emt 0:05:52]} 31. R5e2 {[%emt 0:04:59]} c2+ {[%emt 0:05:32]} 32. Kb2 {[%emt 0:00:17]} Bb4 {[%emt 0:00:46]} 33. a3 {[%emt 0:03:28]} Qc3+ {[%emt 0:02:16]} 34. Ka2 {[%emt 0:00:02]} Nd4 {[%emt 0:05:09]} 35. Re8+ {[%emt 0:02:00]} Rxe8 {[%emt 0:01:27]} 36. Rxe8+ {[%emt 0:00:12]} Bf8 {[%emt 0:00:04]} 37. Re3 {[%emt 0:03:15]} Qxb3+ {[%emt 0:00:20]} 0-1

[Event "AUT-ch Open 2020"]
[Site "Graz"]
[Date "2020.02.19"]
[Round "7.34"]
[White "Chylewski, Patryk"]
[Black "Bakalarz, Mietek"]
[Result "1-0"]
[WhiteElo "2245"]
[BlackElo "2245"]
[Annotator "NA"]
[PlyCount "65"]
[EventDate "2020.02.14"]
[EventType "swiss"]
[EventCountry "AUT"]
[SourceTitle "playchess.com"]
[Source "ChessBase"]
[SourceQuality "1"]
[TimeControl "40/5400+30:1800+30"]

1. Nf3 {[%emt 0:00:00]} d5 {[%emt 0:00:00]} 2. d4 {[%emt 0:00:00]} Bf5 {[%emt 0:00:00]} 3. c4 {[%emt 0:00:13]} e6 {[%emt 0:00:02]} 4. Nc3 {[%emt 0:00:05]} Nc6 {[%emt 0:02:05]} 5. cxd5 {[%emt 0:04:15]} exd5 {[%emt 0:00:10]} 6. Bf4 {[%emt 0:00:34]} Bd6 {[%emt 0:00:29]} 7. Bg3 {[%emt 0:09:20]} Nf6 {[%emt 0:01:16]} 8. e3 {[%emt 0:00:12]} O-O {[%emt 0:11:11]} 9. Bd3 {[%emt 0:01:14]} Bxd3 {[%emt 0:20:59]} 10. Qxd3 {[%emt 0:00:07]} Nb4 {[%emt 0:00:10]} 11. Qd1 {[%emt 0:01:57]} Ne4 {[%emt 0:03:36]} 12. O-O {[%emt 0:13:53]} Nxg3 {[%emt 0:02:26]} 13. hxg3 {[%emt 0:00:07]} c6 {[%emt 0:00:04]} 14. a3 {[%emt 0:09:43]} Na6 {[%emt 0:00:05]} 15. b4 {[%emt 0:00:44]} Nc7 {[%emt 0:00:10]} 16. b5 {[%emt 0:02:00]} cxb5 {[%emt 0:14:06]} 17. Qb3 {[%emt 0:00:45]} a6 {[%emt 0:02:41]} 18. Nxd5 {[%emt 0:07:29]} Nxd5 {[%emt 0:02:44]} 19. Qxd5 {[%emt 0:00:14]} Qe7 {[%emt 0:00:12]} 20. a4 {[%emt 0:03:11]} bxa4 {[%emt 0:01:29]} 21. Rxa4 {[%emt 0:00:11]} b5 {[%emt 0:02:13]} 22. Ra5 {[%emt 0:05:46]} Rfd8 {[%emt 0:03:31]} 23. Qa2 {[%emt 0:04:02]} Qb7 {[%emt 0:15:43]} 24. Ra1 {[%emt 0:00:26]} b4 {[%emt 0:04:22]} 25. Nd2 {[%emt 0:00:35]} Qe7 {[%emt 0:06:27]} 26. Nc4 {[%emt 0:06:01]} Rab8 {[%emt 0:02:32]} 27. Qb3 {[%emt 0:00:21]} Rb5 {[%emt 0:02:02]} 28. Rxa6 {[%emt 0:00:18]} Bb8 {[%emt 0:00:06]} 29. Na5 {[%emt 0:03:39]} Rc8 {[%emt 0:01:55]} 30. Nc6 {[%emt 0:00:20]} Qb7 {[%emt 0:00:42]} 31. d5 {[%emt 0:03:51]} Qd7 {[%emt 0:00:01]} 32. Qc4 {[%emt 0:00:34]} Rb7 {[%emt 0:00:22]} 33. Ne7+ {[%emt 0:00:14]} 1-0